[Event "BLR-chT U18"]
[Site "Gomel"]
[Date "2024.03.04"]
[Round "5.6"]
[White "Siamionava, Hanna"]
[Black "Burdyka, Maya"]
[Result "1-0"]
[WhiteElo "1800"]
[BlackElo "1800"]
[PlyCount "34"]
[EventDate "2024.03.01"]
[EventType "tourn"]
[EventRounds "7"]
[EventCountry "BLR"]
[SourceTitle "CB11_2024"]
[SourceDate "2024.03.13"]
[SourceVersion "1"]
[SourceVersionDate "2024.03.13"]
[SourceQuality "1"]

1. e4 e5 2. Nf3 Nc6 3. Bc4 Bc5 4. c3 Nf6 5. d3 h6 6. b4 Bb6 7. a4 a5 8. b5 Ne7 9. Nxe5 0-0 10. Qb3 Qe8 11. Ba3 d6 12. Nf3 Ng4 13. 0-0 Ng6 14. Nbd2 N6e5 15. d4 Nxf3+ 16. Nxf3 Qxe4 17. Rfe1 Qg6 1-0

[Event "BLR-chT U18"]
[Site "Gomel"]
[Date "2024.03.03"]
[Round "4.6"]
[White "Burdyka, Maya"]
[Black "Karpyza, Sofya"]
[Result "1/2-1/2"]
[WhiteElo "1800"]
[BlackElo "1600"]
[PlyCount "94"]
[EventDate "2024.03.01"]
[EventType "tourn"]
[EventRounds "7"]
[EventCountry "BLR"]
[SourceTitle "CB11_2024"]
[SourceDate "2024.03.13"]
[SourceVersion "1"]
[SourceVersionDate "2024.03.13"]
[SourceQuality "1"]

1. e4 c6 2. d4 d5 3. e5 Qb6 4. c3 Bf5 5. Nf3 e6 6. Bd3 Bg4 7. Nbd2 c5 8. h3 Bh5 9. Qa4+ Nc6 10. Bb5 a6 11. Bxc6+ Qxc6 12. Qxc6+ bxc6 13. Nb3 Bxf3 14. gxf3 cxd4 15. cxd4 Rc8 16. Bd2 Ne7 17. Rc1 Nf5 18. Be3 Bb4+ 19. Ke2 Kd7 20. a3 Be7 21. Nc5+ Bxc5 22. Rxc5 Rb8 23. b4 Rb5 24. Rb1 Rhb8 25. Rbc1 Rxc5 26. Rxc5 Rb5 27. f4 Kc7 28. Kd3 Kb6 29. Kc3 Rxc5+ 30. bxc5+ Kb5 31. Kb3 a5 32. a4+ Ka6 33. Kc3 Nxe3 34. fxe3 Kb7 35. Kd3 Kc7 36. e4 Kd7 37. exd5 exd5 38. f5 g6 39. f6 Ke6 40. Ke3 Kf5 41. Kf3 g5 42. Kg3 h5 43. Kf3 Ke6 44. Kg3 Kf5 45. Kf3 Ke6 46. Ke3 Kf5 47. Kf3 Ke6 1/2-1/2